| 000 | 01134nam a2200265 a 4500 | ||
|---|---|---|---|
| 001 | 71284 | ||
| 003 | BD-RjUL | ||
| 005 | 20211209082110.0 | ||
| 008 | 170430s1969 ii ||||| |||| 00| 0 ben d | ||
| 020 | _c: TK. 6.00 | ||
| 035 | _a(BD-RjUL)71500 | ||
| 040 |
_aBD-RjUL _bben _cBD-RjUL _dBD-RjUL |
||
| 041 | _aben | ||
| 082 |
_223 _a891.73 _bTOL 1969 |
||
| 245 |
_aটলষ্টয়ের ওঅর এ্যান্ড পীস / _cঅনূদিত, গৌরীশঙ্কর ভট্টাচার্য |
||
| 260 |
_aকলিকাতা : _bমিত্র ও ঘোষ, _c১৯৬৯. |
||
| 300 |
_aখন্ড. ; _c২৪ সেমি. |
||
| 505 | _aখন্ড.-২--নেহরু স্মূতি পুরস্কার ভূষিত অনুবাদঃ ১৯৬৭-- | ||
| 600 |
_aটলষ্টয় _d১৮২৮-১৯১০ _9210931 |
||
| 600 |
_aTolstoy _d1828-1910 _9210932 |
||
| 650 |
_aরাশিয়ান সাহিত্য _9210933 |
||
| 650 |
_aRussian Literature _9210934 |
||
| 700 |
_aভট্টাচার্য, গৌরীশঙ্কর _9144981 |
||
| 942 |
_2ddc _cBK |
||
| 999 |
_c71284 _d71284 |
||